=LDR 00000nam 2200000 4500 =001 INLIS000000000014512 =005 20130612105806 =008 ***********************************Ind** =035 ##$$0010-061300000014512 =041 ##$$a Ind =090 ##$$a 415, Sab k =100 ##$$a Sabarianto, Dirgo =245 ##$$a Kebakuan dan ketidakbakuan kalimat dalam bahasa Indonesia, Dirgo Sabarianto =260 ##$$a 2001 $b Yogyakarta =300 ##$$a vii, 130 hlm, 23 cm =650 ##$$a Bahasa Indonesia =850 ##$$a NBPNMAT